Computational Methods of Multi-Physics Problems (Record no. 15280)

MARC details
000 -LEADER
fixed length control field 00979nam a2200121Ia 4500
008 - FIXED-LENGTH DATA ELEMENTS--GENERAL INFORMATION
fixed length control field 220615s9999||||xx |||||||||||||| ||und||
100 ## - MAIN ENTRY--PERSONAL NAME
Personal name Rabczuk, Timon
245 #0 - TITLE STATEMENT
Title Computational Methods of Multi-Physics Problems
546 ## - LANGUAGE NOTE
Language note English[eng]
650 ## - SUBJECT ADDED ENTRY--TOPICAL TERM
Topical term or geographic name entry element temperature variation||h-BN and Graphene sheets||molecular dynamics simulation||thermal conductance||mechanical||patch repair||first-principles||finite element method||Von Mises stress||composite||thermal||electrofusion socket joints||two-dimensional semiconductor||buried gas distribution pipes||level set technique||lithium-ion battery||phase field approach to fracture||meshless method||rock mechanics||fracture of geo-materials||flexoelectricity||pressure gradient effect||medium density polyethylene (MDPE)||high density polyethylene (HDPE)||size effect||fracture analysis||interface modeling||cohesive zone model||thermal conductivity||peridynamics
856 ## - ELECTRONIC LOCATION AND ACCESS
Uniform Resource Identifier <a href="https://mdpi.com/books/pdfview/book/1502">https://mdpi.com/books/pdfview/book/1502</a>
942 ## - ADDED ENTRY ELEMENTS (KOHA)
Koha item type E-Books
Holdings
Withdrawn status Lost status Damaged status Not for loan Home library Current library Date acquired Total Checkouts Date last seen Price effective from Koha item type
        Kerala University of Digital Sciences, Innovation and Technology Knowledge Centre Kerala University of Digital Sciences, Innovation and Technology Knowledge Centre 15/06/2022   15/06/2022 15/06/2022 E-Books